01216nam a2200241 a 450000100100000000500170001000800410002702000180006804000250008608200130011111000320012424000180015624502550017425000290042926000260045830000210048450000710050559000270057695201260060395201110072995201170084099900170095700004665020201002053024.0180315s2016 dr 000 0 spa d a9789945904260 aDO-SdBNPbspacBNPHU axxxbxxx1 aRepública Dominicana944710a[Leyes, etc.]10aLey 65-00 sobre derecho de autor (mod. por la ley 424-06, 493-06, 493-06 y 2-07); dec. 362-01 reglamento de aplicación de la ley de derecho de autor no. 65-00; parte ley 246-12 declara el 17 de agosto de cada año, como "día nacional del autor". aedición 35 aniversario aSanto Domingo,c2016. a144 p. ;c21 cm. aIncluye referencias bibliográficas y notas al pie de las paginas aInventariado, 2018/MFF 001054708DSaGRbGRcHDd2018-03-15iLF1l0oxxx xxxp46650-30r2020-06-25te. 3w2020-06-25yLFDSZPréstamo en sala 0010718PDaPDbPDcHDd2018-03-15iLF1l0oxxx xxxp46650-10r2020-06-25w2020-06-25yLFPDZNo se presta 0010718PDaPDbPDcHDd2018-03-15iLF1l0oxxx xxxp46650-20r2020-06-25te. 2w2020-06-25yLFPDZNo se presta c46139d46139